| 000 | 00412 a2200133 4500 | ||
|---|---|---|---|
| 003 | Nust | ||
| 005 | 20170207165831.0 | ||
| 040 | _cNust | ||
| 082 | _a799 | ||
| 245 |
_aNSEC-2014 (1st,2nd Day & Workshop on 5G Cellular System,Photographs-2014 _cMCS |
||
| 260 |
_aMCS _bRawalpindi _c11,12,13 Nov 2014 |
||
| 650 | _aNSEC-2014 (1st,2nd Day & Workshop on 5G Cellular System,Photographs-2014 (G Drive) | ||
| 651 | _aSweet Memories-MCs | ||
| 942 | _cBK | ||
| 999 |
_c213325 _d213325 |
||